Motorcycle Emission Standards and Emission Control Technology (Record no. 542820)

000 -LEADER
fixed length control field 00416nam a22001217a 4500
082 ## - DEWEY DECIMAL CLASSIFICATION NUMBER
Classification number 363.7387
Author Mark MOT
245 ## - TITLE STATEMENT
Title Motorcycle Emission Standards and Emission Control Technology
260 ## - PUBLICATION, DISTRIBUTION, ETC.
Place of publication, distribution, etc. USA
Name of publisher, distributor, etc. Minsitry of Science, Technology, and the Environment Bangkok, Thailand
Date of publication, distribution, etc. 23 Feb 199
300 ## - PHYSICAL DESCRIPTION
Extent 106 p. :
Other physical details ill, ;
Dimensions 24 cm
Accompanying material D
526 ## - STUDY PROGRAM INFORMATION NOTE
Program name 0
Interest level 0
Reading level 0
Title point value 363_738700000000000_MOT
650 ## - SUBJECT ADDED ENTRY--TOPICAL TERM
Topical term or geographic name entry element MCE (D)
9 (RLIN) 38180
942 ## - ADDED ENTRY ELEMENTS (KOHA)
Source of classification or shelving scheme
Koha item type Book
Holdings
Withdrawn status Lost status Source of classification or shelving scheme Damaged status Not for loan Permanent Location Current Location Date acquired Total Checkouts Full call number Barcode Date last seen Price effective from Koha item type
          Military College of Engineering (MCE) Military College of Engineering (MCE) 02/19/2014   363.7387 MOT MCE-42713 02/19/2014 02/19/2014 Book
© 2023 Central Library, National University of Sciences and Technology. All Rights Reserved.